History Quiz

Random History or Oceania Quiz

Female Leaders of Oceania Quiz Stats

 Plays Quiz not verified by Sporcle

Support Sporcle.
Go Orange.
Score 0/9 Timer 04:00
0 Plays Today
% Correct
B: Julia Gillard
83.7%
C: Jacinda Ardern
80.2%
C: Helen Clark
72.2%
C: Dame Jenny Shipley
52.6%
A: Dame Catherine Tizard
47.4%
A: Dame Silvia Cartwright
45.9%
C: Dame Patsy Reddy
39.6%
A: Dame Quentin Bryce
39%
A: Hilda Heine
37.2%

You're not logged in!

Compare scores with friends on all Sporcle quizzes.
OR
Log In

From the Vault

'R' Entertainment Images

by druhutch

This quiz is going to get sooo many favorites from pirates.
Remove Ads.
Support Sporcle.
Get the best of Sporcle when you Go Orange. This ad-free experience offers more features, more stats, and more fun while also helping to support Sporcle. Thank you for becoming a member.

Show Comments

Extras

Top Quizzes Today


Score Distribution

Your Account Isn't Verified!

In order to create a playlist on Sporcle, you need to verify the email address you used during registration. Go to your Sporcle Settings to finish the process.

Report this User

Report this user for behavior that violates our Community Guidelines.

Details: